[Event "Barcelona op"]
[Site "Barcelona"]
[Date "2002.10.25"]
[Round "4"]
[White "Alfonso Nogue, Alfonso"]
[Black "De la Riva, Jordi"]
[Result "0-1"]
[WhiteElo "2245"]
[BlackElo "2335"]
[PlyCount "126"]
[EventDate "2002.10.14"]
[EventType "swiss"]
[EventRounds "8"]
[EventCountry "ESP"]
[SourceTitle "EXT 2004"]
[Source "ChessBase"]
[SourceDate "2003.11.25"]
[SourceVersion "1"]
[SourceVersionDate "2003.11.25"]
[SourceQuality "1"]

1. d4 Nf6 2. c4 g6 3. Nc3 Bg7 4. e4 d6 5. Bg5 0-0 6. Bd3 e5 7. d5 Na6 8. Qd2 Qe8 9. Nge2 Bd7 10. a4 Nc5 11. Bc2 a5 12. f3 Kh8 13. g4 Ng8 14. Ng3 Ne7 15. Bh6 Bxh6 16. Qxh6 Ng8 17. Qe3 c6 18. h4 f6 19. Rd1 Rd8 20. b3 cxd5 21. Nxd5 Bc6 22. h5 g5 23. Nf5 Bxd5 24. Rxd5 Qc6 25. Kf2 Rd7 26. Rhd1 Rfd8 27. Qc3 Qb6 28. Qe3 Ne7 29. Nxe7 Rxe7 30. Ke2 Red7 31. Qc3 Kg8 32. Rb1 Qa7 33. Kf1 Kf8 34. Bd1 Ke7 35. Bc2 Rc8 36. Rbd1 Rc6 37. Qe3 Qa6 38. Qd2 Qb6 39. Qc3 Qc7 40. Kf2 Ra6 41. Kg3 Rc6 42. Rc1 Rd8 43. Bd1 Ra8 44. Bc2 Rb6 45. Bd1 Rb4 46. Ra1 Ra6 47. Ra3 Rab6 48. Bc2 Ra6 49. Rd1 Ne6 50. Re1 Nd4 51. Bd1 Qc5 52. Re3 Rc6 53. Qc1 h6 54. Rc3 Kd7 55. Ra2 Rcb6 56. Ra3 Kc7 57. Rd3 Rc6 58. Rc3 Ne6 59. Be2 Nf4 60. Ra2 Rcb6 61. Qd1 Rxb3 62. Rac2 Rxc3 63. Rxc3 Rb2 0-1